| 000 | 00767cad a22001935a 4500 | ||
|---|---|---|---|
| 001 | E150452 | ||
| 008 | 100715s2010 xxk f 000 0 eng d | ||
| 035 | _a(Sirsi) u150452 | ||
| 041 | 0 | _aeng | |
| 110 | 2 |
_aUK Trade and Investment _94699 |
|
| 245 | 0 | 0 |
_aUK nuclear _bpowering the future _h[electronic resource] |
| 260 |
_a[S.l.] _bUK Trade and Investment _c2010 |
||
| 520 | _aDiscusses the construction, maintenance and decommissioning of nuclear power plants and highlights some of the firms involved in this work. | ||
| 590 | _aKA | ||
| 651 | 4 |
_aUnited Kingdom _y |
|
| 690 | _aENVIRONMENTAL AND LAND CONSULTANCY-ENERGY | ||
| 856 | 4 | 0 |
_uhttps://www.niauk.org/uk-nuclear-powering-the-future-brochure.html _zView the item free of charge at www.niauk.org |
| 942 | _n0 | ||
| 999 |
_c110876 _d110876 |
||